000 00294nam a2200121Ia 4500
008 240731s9999 xx 000 0 und d
022 _a1469-5774
245 0 _aEducation and the Law
260 _bRoutledge
856 _uhttps://www.tandfonline.com/loi/cetl20
942 _2ddc
942 _cTFEJ
999 _c76361
_d76361
945 _a1
_bMadushi Gamage
_c1
_dMadushi Gamage